Csipkerózsika felnőtteknek csak az önzetlen szeretet győzheti le a kirekesztettségből és a megkeseredettségből fakadó önzést és rosszindulatot

Bibliographic Details
Main Author: Vrabec, Mária, 1970- (Author)
Format: Article
Language:Hungarian
PhysicalDescription:Fotogr.
Subjects:

MARC

LEADER 00000nab a2200000 a 4500
001 vtls000720132
003 SK-MaSNL
005 20260318124031.0
008 180206c2000 xo 0 hun
015 |a SNBRB2000/04-11164 
035 |a CLN000072299 
040 |a SNKBUCL  |b slo  |c SNKBUCL  |e AACR2 
041 0 |a hun 
044 |a xo  |c SK 
080 |a 792.2  |2 UDC-MRF-SK2 
100 1 |a Vrabec, Mária,  |d 1970-  |4 aut  |9 102331 
245 1 0 |a Csipkerózsika felnőtteknek  |b csak az önzetlen szeretet győzheti le a kirekesztettségből és a megkeseredettségből fakadó önzést és rosszindulatot  |c Vrabec Mária 
300 |b Fotogr. 
500 |a Réžia Marián Pecko. Podľa bratov Grimmovcov 
600 1 7 |a Škripková, Iveta  |d 1960-  |t Šípková Ruženka  |x recenzie  |2 snkbucl  |9 1272616 
610 2 7 |a Divadlo Andreja Bagara v Nitre  |2 snkbucl  |9 32093 
655 7 |a články z novín a časopisov  |2 snkbucl  |9 267496 
773 0 |t Új szó  |g Roč. 53, č. 76 (31.3.2000), s. 14 
850 |a Slovenská národná knižnica v Martine 
852 |a SNK  |b KIS3GCP 
958 |a RBX 
999 |c 2522158  |d 2524088